Cómo tratar a los alumnos

Salvato in:
Dettagli Bibliografici
Autore principale: Baxter, Bernice
Natura: Libro
Pubblicazione: Buenos Aires. Kapeluz. 195 9.
Edizione:2ª ed.
Soggetti:
Tags: Aggiungi Tag
Nessun Tag, puoi essere il primo ad aggiungerne!!

MARC

LEADER 00000nam a22000005a 4500
001 17427
003 CL-ChBUA
005 20120815103635.0
008 070301s ag 000 0 spa
040 |a CL-ChBUA  |c CL-ChBUA 
082 0 0 |a 370.19 
090 |c 17427  |d 17427 
100 1 |a Baxter, Bernice. 
245 1 0 |a Cómo tratar a los alumnos 
250 |a 2ª ed. 
260 |b Kapeluz.  |a Buenos Aires.  |c 195 9. 
300 |c 19 cm. 
504 |a Indice. 
650 4 |a RELACIONES PROFESOR ALUMNO. 
650 4 |a COMUNICACION EN LA EDUCACION. 
942 |c LIB 
952 |0 0  |1 0  |4 0  |7 0  |9 24109  |a UNACH  |b UNACH  |c 300  |d 2007-03-05  |i 35.948.  |l 0  |o 370.19 / B 355 1959.  |p 25108  |r 2015-01-21 00:00:00  |u 24109  |w 2012-08-08  |y LIB  |k 370.19 / B 355 1959. 
999 |c 17427  |d 17427